000 01012cam a22003014a 4500
999 _c1515
_d1515
001 15946479
003 GZU
005 20201019102056.0
008 091015s2011 cauab b 001 0 eng c
010 _a 2009939348
020 _a9780495812951 (pbk.)
020 _a0495812951 (pbk.)
035 _a(OCoLC)ocn611211016
040 _aIQU
_cIQU
_dBTCTA
_dYDXCP
_dDLC
042 _apcc
050 0 0 _aHM585
_bBRI 2011
245 0 0 _aEssentials of sociology /
_cDavid B. Brinkerhoff ... [et al.].
246 3 0 _aSociology
250 _a8th ed.
260 _aBelmont, CA :
_bWadsworth/Cengage Learning,
_cc2011.
300 _axxxiii, 446 p. :
_bill. (some col.), col. maps ;
_c26 cm.
504 _aIncludes bibliographical references (p. 406-429) and indexes.
650 0 _aSociology.
700 1 _aBrinkerhoff, David B.
906 _a7
_bcbc
_cpccadap
_d3
_encip
_f20
_gy-gencatlg
942 _2lcc
_cBK
_e8th
_h585
_iBRI
_kHM